Reading faster: a drill book

محفوظ في:
التفاصيل البيبلوغرافية
المؤلف الرئيسي: Fry, Edward (مؤلف)
التنسيق: كتاب
اللغة:الإنجليزية
منشور في: Cambridge Cambridge University 1963
الطبعة:1a. ed
الموضوعات:
الوسوم: إضافة وسم
لا توجد وسوم, كن أول من يضع وسما على هذه التسجيلة!

MARC

LEADER 00000cam a2200000 a 4500
001 UCQ3239
003 CL-VaPUC
008 980817e19630000UK |||||||||||||||||eng|d
082 0 4 |a 372.43  |b FRY  |2 21 
100 0 |a Fry, Edward  |e author  |9 417281 
245 1 0 |a Reading faster: a drill book 
250 |a 1a. ed 
300 |a 67 p 
942 |c BK 
945 |d 19980817 00:00:00  |a crobeson 
260 |a Cambridge  |b Cambridge University  |c 1963 
650 0 |a Lectura veloz  |9 310853 
650 7 |a LECTURA ORAL  |2 CL-VaPUC  |9 308126 
650 0 |a Enseñanza de la lectura  |9 308364 
650 0 |a Aprendizaje   |9 254827 
650 0 |a Métodos de enseñanza  |9 270413 
583 |a last modification  |c 20130806 06:37:00  |k Rodrigo Vera 
999 |c 273836  |d 273834 
952 |0 0  |1 0  |4 0  |6 372_430000000000000_FRY_1963  |7 0  |8 A  |9 309734  |a BIBEDU  |b BIBEDU  |d 2019-11-20  |i 1454137  |o 372.43 FRY 1963  |p 1454137  |r 2019-11-20  |w 2019-11-20  |y BK  |k LIT 
952 |0 0  |1 0  |4 0  |6 372_430000000000000_FRY_1963  |7 0  |8 A  |9 309735  |a BIBEDU  |b BIBEDU  |d 2019-11-20  |i 4809734  |o 372.43 FRY 1963  |p 4809734  |r 2019-11-20  |w 2019-11-20  |y BK  |k LIT